Datum a čas kvízu
43
Celkem bodů
Celkový počet nahraných bodů na tomto kvízu bez doplňovacích otázek.
1.
Pořadí na kvízu
Konečné umístění týmu na tomto kvízu.
Zaznamenané odpovědi
| # | Otázka | Odpověď | Body | Výsledky |
|---|---|---|---|---|
| 1. | Prezident Petr Pavel na základ... | JAMU (Janáčkova akademie múzických umění) | 1 | |
| 2. | Papež Lev XIV. vydal svůj prvn... | A | 1 | |
| 3. | Která televizní stanice minulý... | Nova | 1 | |
| 4. | Jeden řetězec provozoven rychl... | KFC | 1 | |
| 5. | Která společnost se od letošní... | ČSOB | 0 | |
| 6. | Vítězné téma facebookového hla... | C | 1 | |
| 7. | Průměr zahradních hadic bývá u... | coul (palec) | 1 | |
| 8. | Jak se jmenuje tato květina, o... | hortenzie | 1 | |
| 9. | Mnoho zahrádkářů může mít doma... | Fiskars | 1 | |
| 10. | Níže jsou tři výmysly a jedno... | D | 1 |